000 00598nam a2200253Ia 4500
005 20260121160934.0
008 008 260114s9999 xx 000 0 eng d
020 _a9781315602707
037 _aEBOOK
040 _aCRL
040 _beng
040 _cCRL
041 _2eng
041 _aeng
084 _qCRL
100 _a Merouan Mekouar
_91038204
245 0 _aProtest and Mass Mobilization
260 _bTaylor and Francis
260 _c2016
856 _uhttp://www.taylorfrancis.com/books/9781315602707
942 _cEBOOK
999 _c1605020
_d1605020